Sports Quiz

Random Sports or Tennis Quiz

Hangman: Male Tennis Players Quiz Stats

 Plays Quiz not verified by Sporcle

Challenge
Share
Tweet
Embed
Score 0/108 Timer 05:00
0 Plays Today
Hint Answer % Correct
A5???
92.7%
E6???
90.9%
I4???
90%
R6???
90%
R7???
88.2%
I7???
87.3%
I5???
86.4%
R5???
86.4%
C6???
86.4%
R4???
85.5%
S4???
85.5%
C5???
85.5%
O5???
85.5%
D7???
85.5%
B6???
84.5%
C7???
84.5%
O4???
83.6%
K6???
83.6%
K7???
83.6%
O7???
83.6%
- 5 LETTERS -???
82.7%
- 6 LETTERS -???
82.7%
- 7 LETTERS -???
82.7%
- 4 LETTERS -???
81.8%
X5???
81.8%
X6???
81.8%
Q5???
80.9%
Y5???
80.9%
Z6???
80.9%
Q6???
80%
Y6???
80%
X4???
79.1%
Z4???
79.1%
Z5???
79.1%
Q7???
79.1%
X7???
79.1%
Hint Answer % Correct
Z7???
79.1%
V5???
78.2%
W5???
78.2%
V7???
78.2%
V4???
77.3%
U5???
77.3%
J6???
77.3%
V6???
77.3%
W6???
77.3%
J7???
77.3%
Y4???
76.4%
W7???
76.4%
Q4???
75.5%
W4???
74.5%
F5???
72.7%
J5???
72.7%
Y7???
72.7%
P5???
71.8%
U6???
71.8%
H7???
71.8%
U4???
70.9%
K5???
70.9%
G7???
70.9%
K4???
69.1%
P7???
69.1%
J4???
68.2%
F6???
68.2%
F7???
68.2%
G5???
67.3%
H5???
67.3%
H6???
67.3%
G6???
66.4%
P6???
66.4%
B5???
65.5%
H4???
64.5%
O6???
64.5%
Hint Answer % Correct
B7???
64.5%
F4???
63.6%
P4???
63.6%
D6???
63.6%
G4???
62.7%
C4???
60.9%
M4???
60.9%
M5???
60.9%
L7???
60.9%
L4???
60%
D5???
60%
L5???
58.2%
I6???
58.2%
L6???
58.2%
T4???
55.5%
B4???
54.5%
M6???
54.5%
M7???
54.5%
D4???
53.6%
T5???
52.7%
U7???
52.7%
N6???
51.8%
N7???
50.9%
T7???
50%
N4???
49.1%
N5???
49.1%
S5???
48.2%
T6???
47.3%
S6???
44.5%
S7???
40.9%
E5???
33.6%
A6???
32.7%
E4???
25.5%
A7???
25.5%
E7???
25.5%
A4???
15.5%

You're not logged in!

Compare scores with friends on all Sporcle quizzes.
Join for Free
OR
Log In

You Might Also Like...

Show Comments

Extras

Created May 18, 2015ReportNominate
Tags:Tennis Quiz, hangman, Men Tennis, open

Top Quizzes Today


Score Distribution

Your Account Isn't Verified!

In order to create a playlist on Sporcle, you need to verify the email address you used during registration. Go to your Sporcle Settings to finish the process.

Report this User

Report this user for behavior that violates our Community Guidelines.

Details: